[Event "Padova Nazionale ARCI 3rd"]
[Site "Padova"]
[Date "1985.11.24"]
[Round "3"]
[White "Dorigo, Tommaso"]
[Black "Cincotto, Daniele"]
[Result "1-0"]
[WhiteElo "1400"]
[BlackElo "1400"]
[PlyCount "57"]
[EventDate "1985.11.??"]
[EventType "swiss"]
[EventCountry "ITA"]
[SourceTitle "EXT 2024"]
[Source "ChessBase"]
[SourceDate "2023.10.10"]
[SourceVersion "1"]
[SourceVersionDate "2023.10.10"]
[SourceQuality "1"]

1. e4 d5 2. exd5 Qxd5 3. Nc3 Qa5 4. d4 Nf6 5. Nf3 Bg4 6. h3 Bh5 7. g4 Bg6 8. Bd2 Qb6 9. Na4 Qc6 10. Nc3 a6 11. Be3 Ne4 12. Nxe4 Bxe4 13. Ne5 Qxc2 14. Qxc2 Bxc2 15. Rc1 Be4 16. Rxc7 Nd7 17. f3 Nxe5 18. fxe4 Nc6 19. Rxb7 e6 20. Rb6 Nb4 21. a3 Nc2+ 22. Kd2 Nxe3 23. Kxe3 a5 24. Bb5+ Kd8 25. Rc1 g6 26. Kf3 Be7 27. Rb7 Rc8 28. Rd7+ Ke8 29. Rxc8+ 1-0